| 000 | 00771nam a2200229 a 4500 | ||
|---|---|---|---|
| 999 |
_c11262 _d11262 |
||
| 001 | 11262 | ||
| 003 | BD-JhCC | ||
| 005 | 20200408134008.0 | ||
| 008 | 190619b20002018bg |||| ||a| 000 0 ben d | ||
| 020 | _a9844950396 | ||
| 035 | _a(BD-JhCC)11262 | ||
| 040 |
_aBD-JhCC _dBD-JhCC |
||
| 041 | _aben | ||
| 082 |
_a891.4435 _bIQB 2018 |
||
| 100 | _aইকবাল, মুহম্মদ জাফর | ||
| 245 |
_aহিমঘরে ঘুম ও অন্যান্য / _cমুহম্মদ জাফর ইকবাল । |
||
| 260 |
_aঢাকা: _bপার্ল পাবলিকেশন্স; _c২০১৮. |
||
| 300 |
_a১১১ পৃ. : _c২২ সেমি. |
||
| 650 | _abengali Short Story | ||
| 942 |
_2ddc _cBK _02 |
||